[Event "XXIII Festival A"]
[Site "Porto San Giorgio ITA"]
[Date "2011.08.25"]
[Round "6"]
[White "Rago, Riccardo"]
[Black "Calavalle, Giulio"]
[Result "1/2-1/2"]
[WhiteElo "2065"]
[BlackElo "2239"]
[PlyCount "89"]
[EventDate "2011.08.21"]

1. e4 c5 2. Nf3 Nc6 3. d4 cxd4 4. Nxd4 Nf6 5. Nc3 d6 6. Bc4 e5 7. Nf3 Be6 8.
Be2 h6 9. O-O Be7 10. h3 O-O 11. Be3 a6 12. a4 Rc8 13. Nd2 Nd4 14. Bd3 d5 15.
exd5 Nxd5 16. Nxd5 Qxd5 17. Be4 Qd7 18. c3 Nf5 19. Bb6 Nd6 20. Bc2 Bd8 21. Bxd8
Rfxd8 22. Qh5 f5 23. Rfd1 Bf7 24. Qe2 e4 25. Bb3 Qc7 26. Bxf7+ Qxf7 27. Nf1 Nc4
28. Ne3 Ne5 29. Nc2 Nd3 30. Nd4 Qg6 31. Kh2 Nf4 32. Qf1 Re8 33. g3 Nd3 34. Qe2
f4 35. gxf4 Nxf4 36. Qg4 Qxg4 37. hxg4 e3 38. Kg3 e2 39. Re1 g5 40. Nf5 Nd3 41.
Nd6 Nxe1 42. Rxe1 Red8 43. Nxc8 Rxc8 44. Kf3 Rf8+ 45. Kg2 1/2-1/2

[Event "XXIII Festival A"]
[Site "Porto San Giorgio ITA"]
[Date "2011.08.25"]
[Round "6"]
[White "Ramundi, Lorenzo"]
[Black "Franzini, Stefano"]
[Result "1/2-1/2"]
[WhiteElo "1617"]
[BlackElo "1848"]
[PlyCount "51"]
[EventDate "2011.08.21"]

1. e4 g6 2. d4 Bg7 3. Nf3 d6 4. Be2 Nd7 5. O-O e5 6. dxe5 Nxe5 7. Nxe5 Bxe5 8.
f4 Bg7 9. c3 Ne7 10. Nd2 Bd7 11. Nf3 Bc6 12. Bd3 d5 13. e5 Qd7 14. Re1 O-O-O
15. Ng5 Nf5 16. e6 fxe6 17. Nxe6 Rde8 18. Bxf5 gxf5 19. Nxg7 Qxg7 20. Rxe8+
Rxe8 21. Qd4 Re1+ 22. Kf2 Qe7 23. Qd3 Be8 24. Qxf5+ Kb8 25. Qxd5 a6 26. Qd2
1/2-1/2

[Event "XXIII Festival A"]
[Site "Porto San Giorgio ITA"]
[Date "2011.08.25"]
[Round "6"]
[White "Reif, Werner"]
[Black "Morello, Guido"]
[Result "1/2-1/2"]
[WhiteElo "1848"]
[BlackElo "1942"]
[PlyCount "46"]
[EventDate "2011.08.21"]

1. d4 e5 2. dxe5 d6 3. Nf3 Nc6 4. Bg5 f6 5. exf6 Nxf6 6. e3 a6 7. Be2 Bd7 8.
Nc3 Be7 9. a3 Be6 10. Nd4 Nxd4 11. Qxd4 c5 12. Qd2 Qc7 13. Bf3 h6 14. Bf4 O-O-O
15. Nd5 Bxd5 16. Bxd5 Nxd5 17. Qxd5 Bf6 18. O-O-O Qb6 19. Qb3 Qxb3 20. cxb3 d5
21. Rd3 Rd7 22. Rhd1 Rhd8 23. f3 b5 1/2-1/2

[Event "XXIII Festival A"]
[Site "Porto San Giorgio ITA"]
[Date "2011.08.25"]
[Round "6"]
[White "Rinaudo, Andrea"]
[Black "Lapenna, Michelangelo"]
[Result "1-0"]
[WhiteElo "2090"]
[BlackElo "1888"]
[PlyCount "105"]
[EventDate "2011.08.21"]

1. e4 c5 2. Nf3 d6 3. Bb5+ Nd7 4. d4 cxd4 5. Qxd4 a6 6. Ba4 Ngf6 7. Bg5 b5 8.
Bb3 e6 9. Nc3 Be7 10. a4 Rb8 11. axb5 axb5 12. e5 dxe5 13. Nxe5 Nxe5 14. Qxe5
Bd7 15. O-O O-O 16. Bf4 Rb7 17. Rfd1 b4 18. Ne4 Nxe4 19. Qxe4 Qc8 20. Bd6 Bc6
21. Qf4 Bxd6 22. Qxd6 Rb8 23. Ra7 Rd8 24. Qxd8+ Qxd8 25. Rxd8+ Rxd8 26. Kf1 g6
27. Rc7 Rd6 28. Bc4 Kg7 29. f3 Kf6 30. Ke2 h6 31. Rc8 Bb7 32. Rc5 Rc6 33. Rxc6
Bxc6 34. Ke3 Ke5 35. f4+ Kd6 36. g3 Kc5 37. b3 Bg2 38. Bd3 Bc6 39. Ba6 Ba8 40.
Kd3 Bc6 41. c3 bxc3 42. Kxc3 f6 43. b4+ Kb6 44. Bd3 Be8 45. Kd4 Bf7 46. g4 Be8
47. h4 Bf7 48. g5 hxg5 49. hxg5 fxg5 50. fxg5 Kc6 51. Ke5 Kd7 52. Kf6 Be8 53.
Bb5+ 1-0

[Event "XXIII Festival A"]
[Site "Porto San Giorgio ITA"]
[Date "2011.08.25"]
[Round "6"]
[White "Ripa', Daniele"]
[Black "Dietrich, Stefano"]
[Result "1-0"]
[WhiteElo "1966"]
[BlackElo "1857"]
[PlyCount "67"]
[EventDate "2011.08.21"]

1. e4 c5 2. c3 Qa5 3. Nf3 Nc6 4. Na3 g6 5. Nc4 Qc7 6. d4 cxd4 7. cxd4 Bg7 8.
Be2 Nf6 9. e5 Nd5 10. Qb3 O-O 11. O-O a5 12. Bd2 Ndb4 13. Rac1 a4 14. Qa3 Nd5
15. Qc5 e6 16. Nd6 b6 17. Qa3 Ba6 18. Bxa6 Rxa6 19. Qd3 Raa8 20. h4 f5 21. h5
gxh5 22. g3 Nde7 23. Kg2 f4 24. Rh1 Ng6 25. Rxh5 fxg3 26. fxg3 Rxf3 27. Qxf3
Rf8 28. Qg4 Qd8 29. Rxh7 Nce7 30. Rch1 Qa8+ 31. Qe4 Qa6 32. Rxg7+ Kxg7 33. Bh6+
Kg8 34. Bxf8 1-0

[Event "XXIII Festival A"]
[Site "Porto San Giorgio ITA"]
[Date "2011.08.25"]
[Round "6"]
[White "Ruggeri, Pietro"]
[Black "Dobboletta, Alex"]
[Result "1/2-1/2"]
[WhiteElo "2070"]
[BlackElo "1910"]
[PlyCount "92"]
[EventDate "2011.08.21"]

1. d4 d5 2. Bf4 Nf6 3. e3 Bf5 4. Nd2 e6 5. Ngf3 c5 6. c3 Nc6 7. Be2 Be7 8. O-O
O-O 9. Nh4 Be4 10. f3 Bg6 11. Nxg6 hxg6 12. Bg3 cxd4 13. cxd4 Qb6 14. Rb1 e5
15. Nb3 exd4 16. exd4 Nh5 17. Bf2 Nf4 18. g3 Nxe2+ 19. Qxe2 Rfe8 20. Qd1 Bb4
21. a3 Bd6 22. Nc5 Qb5 23. a4 Qb4 24. Nd3 Qb6 25. b4 Qc7 26. Nc5 b6 27. Nd3 Re7
28. Qb3 Rd8 29. Rbc1 Qd7 30. f4 Re2 31. b5 Ne7 32. Rfe1 Rxe1+ 33. Rxe1 Rc8 34.
Rc1 Rxc1+ 35. Nxc1 Qc7 36. Ne2 Qc4 37. Qxc4 dxc4 38. Be1 Nd5 39. Kf2 Bb4 40.
Bxb4 Nxb4 41. Nc3 Kf8 42. Ke3 f5 43. d5 Nc2+ 44. Kd2 Nb4 45. Ke3 Nc2+ 46. Ke2
Nb4 1/2-1/2

[Event "XXIII Festival A"]
[Site "Porto San Giorgio ITA"]
[Date "2011.08.25"]
[Round "6"]
[White "Saptarshi, Roy"]
[Black "Rinaudo, Sergio"]
[Result "1-0"]
[WhiteElo "2385"]
[BlackElo "2144"]
[PlyCount "67"]
[EventDate "2011.08.21"]

1. d4 d5 2. Nc3 Nf6 3. Bg5 Bf5 4. f3 Nbd7 5. Nxd5 Nxd5 6. e4 N7b6 7. exf5 h6 8.
Bc1 Qd7 9. Bd3 O-O-O 10. Ne2 e6 11. fxe6 Qxe6 12. O-O Ne3 13. Bxe3 Qxe3+ 14.
Kh1 g6 15. a4 Nd5 16. Bc4 Bg7 17. c3 c5 18. Qb3 Nb6 19. a5 Nxc4 20. Qxc4 Kb8
21. a6 Rd7 22. dxc5 Rc8 23. b4 Rc6 24. axb7 Rxb7 25. Nd4 Bxd4 26. cxd4 Qd2 27.
b5 Re6 28. Ra2 Qe1 29. d5 Re3 30. Qf4+ Kc8 31. Ra1 Qc3 32. b6 Qxc5 33. Rac1 Rc3
34. Rxc3 1-0

[Event "XXIII Festival A"]
[Site "Porto San Giorgio ITA"]
[Date "2011.08.25"]
[Round "6"]
[White "Scalcione, Michelangelo"]
[Black "Korneev, Oleg"]
[Result "0-1"]
[WhiteElo "2337"]
[BlackElo "2588"]
[PlyCount "68"]
[EventDate "2011.08.21"]

1. Nf3 d5 2. d4 Nf6 3. c4 e6 4. Bg5 h6 5. Bxf6 Qxf6 6. Nc3 c6 7. e3 Nd7 8. a3
g6 9. e4 dxe4 10. Nxe4 Qf4 11. Bd3 Bg7 12. O-O O-O 13. Qe2 e5 14. g3 Qg4 15.
Nd6 exd4 16. b4 Ne5 17. Nxe5 Qxe2 18. Bxe2 Bxe5 19. Nxc8 d3 20. Ne7+ Kg7 21.
Bxd3 Bxa1 22. Rxa1 Rad8 23. Nxc6 bxc6 24. Be4 Rd4 25. Bxc6 Rxc4 26. Bd5 Rd4 27.
Bf3 Rc8 28. Ra2 Rdc4 29. b5 Rc2 30. Rxc2 Rxc2 31. a4 Ra2 32. Bc6 Rxa4 33. Kg2
Rc4 34. Bf3 Kf6 0-1

[Event "XXIII Festival A"]
[Site "Porto San Giorgio ITA"]
[Date "2011.08.25"]
[Round "6"]
[White "Somma, Andrea"]
[Black "Renzetti, Leonardo"]
[Result "0-1"]
[WhiteElo "1851"]
[BlackElo "1805"]
[PlyCount "82"]
[EventDate "2011.08.21"]

1. e4 e6 2. d3 d5 3. Nd2 Nf6 4. Ngf3 Bd7 5. g3 c5 6. Bg2 Nc6 7. O-O Qc7 8. Re1
O-O-O 9. Ng5 Be8 10. exd5 Nxd5 11. Nc4 h6 12. Bxd5 exd5 13. Qg4+ Bd7 14. Bf4
Bxg4 15. Bxc7 Rd7 16. f3 Kxc7 17. fxg4 hxg5 18. Ne5 Nxe5 19. Rxe5 f6 20. Re8
Re7 21. Re1 Rxe1+ 22. Rxe1 Kd7 23. Rd1 Bd6 24. Kg2 Re8 25. Rd2 g6 26. d4 c4 27.
c3 f5 28. gxf5 gxf5 29. Rf2 f4 30. gxf4 Bxf4 31. h4 Rg8 32. hxg5 Bxg5 33. Kf1
Be7 34. Ke2 Re8 35. Rf7 Kc6 36. Kd1 a5 37. b3 b5 38. bxc4 bxc4 39. a4 Bd6 40.
Ra7 Bc7 41. Ra6+ Bb6 0-1

[Event "XXIII Festival A"]
[Site "Porto San Giorgio ITA"]
[Date "2011.08.25"]
[Round "6"]
[White "Sorbera, Giovanni"]
[Black "Piccinini, Samuele"]
[Result "1-0"]
[WhiteElo "2197"]
[BlackElo "1903"]
[PlyCount "53"]
[EventDate "2011.08.21"]

1. e4 e6 2. d4 d5 3. Nd2 Nf6 4. e5 Nfd7 5. Bd3 c5 6. c3 Nc6 7. Ne2 Be7 8. O-O
O-O 9. Nf3 cxd4 10. cxd4 f6 11. exf6 Nxf6 12. Ng3 Bd7 13. a3 Be8 14. Re1 Qc8
15. Bg5 h6 16. Bf4 Nh5 17. Be5 Nf4 18. Bxf4 Rxf4 19. Rc1 Qd7 20. Bb1 Rf6 21.
Ne5 Nxe5 22. dxe5 Rf4 23. Qd3 Rc8 24. Qh7+ Kf8 25. Bg6 Bf7 26. Nh5 Rxc1 27.
Qh8+ 1-0

[Event "XXIII Festival A"]
[Site "Porto San Giorgio ITA"]
[Date "2011.08.25"]
[Round "6"]
[White "Spano' Cuomo, Gaetano"]
[Black "Peron, Davide"]
[Result "1-0"]
[WhiteElo "1805"]
[BlackElo "1850"]
[PlyCount "79"]
[EventDate "2011.08.21"]

1. f4 Nf6 2. Nf3 d5 3. e3 e6 4. b3 Be7 5. Bb2 O-O 6. d4 b6 7. Bd3 Nbd7 8. Nbd2
c5 9. c3 h6 10. Ne5 Bb7 11. Nxd7 Nxd7 12. O-O f5 13. Kh1 Nf6 14. Nf3 Qe8 15.
Bc1 Ne4 16. Bd2 Qh5 17. Be1 Rac8 18. Be2 Nf6 19. Ne5 Qe8 20. Bh4 g6 21. g4 fxg4
22. Bxg4 Nxg4 23. Qxg4 Bxh4 24. Qxh4 Kg7 25. Rg1 Rf6 26. Ng4 g5 27. Nxf6 Kxf6
28. Qxh6+ Ke7 29. Rxg5 Ba6 30. Rag1 Bd3 31. Re5 Kd6 32. f5 Be4+ 33. Rxe4 dxe4
34. Rg6 Qf7 35. Rxe6+ Kc7 36. Qf4+ Kb7 37. Qxe4+ Ka6 38. Re7 Qh5 39. Qb7+ Ka5
40. Qxa7+ 1-0

[Event "XXIII Festival A"]
[Site "Porto San Giorgio ITA"]
[Date "2011.08.25"]
[Round "6"]
[White "Splendiani, Francesco"]
[Black "Paduano, Gennaro"]
[Result "1-0"]
[WhiteElo "2000"]
[BlackElo "1859"]
[PlyCount "81"]
[EventDate "2011.08.21"]

1. e4 c5 2. d4 cxd4 3. c3 dxc3 4. Nxc3 e5 5. Nf3 d6 6. Bc4 h6 7. O-O Be7 8. Qb3
Be6 9. Bxe6 fxe6 10. Qxe6 Nc6 11. Rd1 a6 12. Be3 Nf6 13. Nd5 Qd7 14. Nxf6+ gxf6
15. Qd5 Qg4 16. h3 Qg8 17. Nh4 Qxd5 18. exd5 Nd4 19. Bxd4 exd4 20. Rxd4 Rc8 21.
Re1 Kd7 22. Rxe7+ Kxe7 23. Ng6+ Kd7 24. Nxh8 Rxh8 25. Kf1 Rg8 26. Rg4 Rg5 27.
Rxg5 fxg5 28. Ke2 Ke7 29. Ke3 h5 30. Ke4 Kf6 31. f4 gxf4 32. Kxf4 h4 33. g4 Kg6
34. g5 a5 35. Kg4 b5 36. Kxh4 b4 37. Kg4 a4 38. h4 a3 39. bxa3 bxa3 40. h5+ Kg7
41. Kf5 1-0

[Event "XXIII Festival A"]
[Site "Porto San Giorgio ITA"]
[Date "2011.08.25"]
[Round "6"]
[White "Tazzioli, Luca"]
[Black "Bolog, Iacint"]
[Result "0-1"]
[WhiteElo "1838"]
[BlackElo "1959"]
[PlyCount "45"]
[EventDate "2011.08.21"]

1. e4 c5 2. d3 Nc6 3. Nf3 e5 4. g3 d6 5. Bg2 Be7 6. O-O Nf6 7. c3 b5 8. a4 b4
9. Nbd2 a5 10. Nc4 Ba6 11. Nfd2 O-O 12. f4 exf4 13. e5 Nxe5 14. Nxe5 dxe5 15.
Bxa8 Qxa8 16. Qf3 Qd8 17. Nc4 e4 18. Qxf4 exd3 19. Bd2 Qd5 20. Nxa5 Bd8 21.
cxb4 cxb4 22. Bxb4 Bb6+ 23. Rf2 0-1

[Event "XXIII Festival A"]
[Site "Porto San Giorgio ITA"]
[Date "2011.08.25"]
[Round "6"]
[White "Trent, Alan M."]
[Black "Zannoni, Gianni"]
[Result "0-1"]
[WhiteElo "1800"]
[BlackElo "1846"]
[PlyCount "86"]
[EventDate "2011.08.21"]

1. e4 d6 2. d4 Nf6 3. Nc3 c6 4. f3 Nbd7 5. Be3 e5 6. Nge2 g6 7. Qd2 Bg7 8. dxe5
dxe5 9. Ng3 O-O 10. Bc4 b5 11. Bb3 Bb7 12. O-O Qc7 13. Qf2 a6 14. Nge2 c5 15.
Bd5 Nxd5 16. exd5 f5 17. Rad1 b4 18. d6 Qa5 19. Nd5 Bxd5 20. Rxd5 Qxa2 21. Rdd1
Rfc8 22. Qh4 Qf7 23. g4 f4 24. Bd2 Rc6 25. Be1 Bf8 26. c3 Rxd6 27. Bf2 Rxd1 28.
Rxd1 a5 29. c4 a4 30. Nc1 Nb6 31. Rd8 Rxd8 32. Qxd8 Nxc4 33. Nd3 a3 34. bxa3
bxa3 35. Bxc5 Kg7 36. Bxf8+ Qxf8 37. Qd7+ Qf7 38. Qa4 Qd5 39. Qa7+ Kf6 40. Qa6+
Kg5 41. Nf2 Qc5 42. h4+ Kxh4 43. Qf6+ Kg3 0-1

[Event "XXIII Festival A"]
[Site "Porto San Giorgio ITA"]
[Date "2011.08.25"]
[Round "6"]
[White "Tribuiani, Renato"]
[Black "Miandro, Steven"]
[Result "1-0"]
[WhiteElo "2029"]
[BlackElo "1834"]
[PlyCount "98"]
[EventDate "2011.08.21"]

1. d4 Nf6 2. Nc3 g6 3. e4 d6 4. Be2 Bg7 5. Be3 O-O 6. Qd2 c6 7. h4 b5 8. Bf3 h5
9. Bh6 e5 10. dxe5 dxe5 11. Qxd8 Rxd8 12. Bg5 Be6 13. Nge2 Na6 14. O-O Rd7 15.
a3 Rad8 16. Rad1 Rxd1 17. Rxd1 Rxd1+ 18. Nxd1 Nb8 19. b4 Ne8 20. Be3 a6 21. Nb2
Nd7 22. Nd3 Nd6 23. Nb2 Nf6 24. Nc3 Nc4 25. Nxc4 Bxc4 26. Bd1 Ne8 27. f3 Bf8
28. Nb1 Kg7 29. Nd2 Be6 30. c3 Be7 31. g3 Nd6 32. Bc5 Kf8 33. Kf2 Nc4 34. Bxe7+
Kxe7 35. Nxc4 Bxc4 36. g4 Kf6 37. Ke3 Ba2 38. gxh5 gxh5 39. f4 exf4+ 40. Kxf4
Kg6 41. Ke5 Be6 42. Bc2 Bg4 43. Kf4 Kf6 44. e5+ Ke7 45. Be4 Kd7 46. Bf5+ Bxf5
47. Kxf5 Ke7 48. Kg5 Ke6 49. Kxh5 Kxe5 1-0

[Event "XXIII Festival A"]
[Site "Porto San Giorgio ITA"]
[Date "2011.08.25"]
[Round "6"]
[White "Viaggi, Stefano"]
[Black "Madiai, Federico"]
[Result "0-1"]
[WhiteElo "2010"]
[BlackElo "2195"]
[PlyCount "82"]
[EventDate "2011.08.21"]

1. d4 g6 2. Nf3 Bg7 3. Bf4 d6 4. e3 Nd7 5. h3 e5 6. Bh2 Nh6 7. Be2 Qe7 8. O-O
O-O 9. c4 f5 10. Nc3 c6 11. Rc1 Nf7 12. b4 e4 13. Nd2 Nf6 14. c5 d5 15. b5 g5
16. bxc6 bxc6 17. Qa4 Qe8 18. Nb3 Nd8 19. Na5 Bd7 20. Rfe1 Bh6 21. Rb1 f4 22.
exf4 gxf4 23. Nb7 Qg6 24. Nxd8 Rfxd8 25. Kh1 Kh8 26. Rb7 a5 27. Rg1 Rdc8 28.
Qb3 Rg8 29. Na4 Raf8 30. Nb6 Bf5 31. Rc7 Qe8 32. Qa4 f3 33. Bf1 e3 34. gxf3 e2
35. Bxe2 Qxe2 36. Qd1 Rxg1+ 37. Qxg1 Bxh3 38. Be5 Qxf3+ 39. Kh2 Rg8 40. Bg3 Qh5
41. Qb1 Bf5+ 0-1

[Event "XXIII Festival A"]
[Site "Porto San Giorgio ITA"]
[Date "2011.08.25"]
[Round "6"]
[White "Vincenzi, Marco"]
[Black "Ragonese, Lucio Rosario"]
[Result "1/2-1/2"]
[WhiteElo "2108"]
[BlackElo "1969"]
[PlyCount "147"]
[EventDate "2011.08.21"]

1. e4 c6 2. d4 d5 3. e5 Bf5 4. Nf3 e6 5. Be2 Nd7 6. O-O Ne7 7. Be3 c5 8. dxc5
Nc6 9. Nd4 Nxd4 10. Bxd4 Bxc5 11. Bxc5 Nxc5 12. Bb5+ Kf8 13. Qd4 b6 14. Na3 Qg5
15. Rfe1 h5 16. f3 Rh6 17. b4 Rg6 18. Re2 Nb7 19. Bd3 Bxd3 20. cxd3 Rc8 21. Nc2
Nd8 22. Qe3 Qxe3+ 23. Nxe3 Rc3 24. d4 Nc6 25. Rc2 Nxd4 26. Rxc3 Ne2+ 27. Kf2
Nxc3 28. a4 f6 29. exf6 gxf6 30. a5 b5 31. Rc1 d4 32. Nd1 Nxd1+ 33. Rxd1 e5 34.
Rc1 Rg7 35. Rc8+ Ke7 36. Rc7+ Kf8 37. Rc8+ Ke7 38. Rb8 Kd6 39. Rxb5 Rc7 40. Rb8
Rc2+ 41. Kf1 Rb2 42. b5 Kc7 43. Rf8 Rxb5 44. Rf7+ Kb8 45. Rxf6 Rxa5 46. Rf5 Kc7
47. Rxh5 Kd6 48. g4 Ra1+ 49. Ke2 Ra2+ 50. Kd3 Rf2 51. Kc4 Rc2+ 52. Kd3 Rc3+ 53.
Ke2 Re3+ 54. Kf2 Ra3 55. h4 Ra2+ 56. Ke1 a5 57. Rh6+ Kd5 58. Ra6 d3 59. h5 Kd4
60. Re6 Rh2 61. h6 d2+ 62. Kd1 Kd3 63. Rd6+ Ke3 64. Kc2 a4 65. g5 a3 66. Rd3+
Kf4 67. Rxa3 Kxg5 68. Rd3 Rxh6 69. Kxd2 Kf4 70. Ra3 Rh2+ 71. Ke1 Rb2 72. Rc3
Kg3 73. Re3 Kf4 74. Rd3 1/2-1/2

[Event "XXIII Festival A"]
[Site "Porto San Giorgio ITA"]
[Date "2011.08.25"]
[Round "6"]
[White "Vuelban, Virgilio"]
[Black "Pescatore, Lorenzo"]
[Result "0-1"]
[WhiteElo "2357"]
[BlackElo "2121"]
[PlyCount "94"]
[EventDate "2011.08.21"]

1. e4 c5 2. Nf3 g6 3. d4 cxd4 4. Nxd4 Nc6 5. Nc3 Bg7 6. Be3 Nf6 7. Bc4 O-O 8.
Bb3 a5 9. a4 Ng4 10. Qxg4 Nxd4 11. Qd1 Nxb3 12. cxb3 d6 13. Qd2 Be6 14. Nd5
Bxd5 15. exd5 Qd7 16. O-O b5 17. Bb6 Rfb8 18. Bxa5 bxa4 19. b4 Bxb2 20. Qxb2
Rxa5 21. Qd4 Ra6 22. Ra3 Qb5 23. Rb1 Ra5 24. Qa1 Ra7 25. h3 Rc8 26. Qd4 Rac7
27. Qd1 Rc2 28. Rba1 Qxb4 29. Rxa4 Qb2 30. Qf3 Rc1+ 31. Rxc1 Rxc1+ 32. Kh2 Qd2
33. Rf4 f5 34. Ra4 Qd1 35. Qa3 Qg1+ 36. Kg3 Qe1 37. Kh2 Qc3 38. Ra8+ Kg7 39.
Qa4 Qe5+ 40. f4 Qe3 41. Qb4 Rf1 42. Ra4 Qg1+ 43. Kg3 Qf2+ 44. Kh2 Kf7 45. Qc3
Rg1 46. Qf3 Qe1 47. g3 Rf1 0-1

[Event "XXIII Festival A"]
[Site "Porto San Giorgio ITA"]
[Date "2011.08.25"]
[Round "6"]
[White "White, Kevin D."]
[Black "Dieli, Riccardo"]
[Result "1-0"]
[WhiteElo "2104"]
[BlackElo "1897"]
[PlyCount "71"]
[EventDate "2011.08.21"]

1. c4 c5 2. g3 g6 3. Bg2 Bg7 4. e3 Nf6 5. d4 cxd4 6. exd4 O-O 7. Nc3 d6 8. Nf3
Nbd7 9. O-O a6 10. Qc2 Rb8 11. Re1 Re8 12. Rb1 b6 13. h3 Bb7 14. b3 e6 15. Bg5
h6 16. Bf4 e5 17. dxe5 Nh5 18. Be3 Nxe5 19. Nxe5 Bxg2 20. Kxg2 dxe5 21. Red1
Qc8 22. Qd2 Kh7 23. Ne4 Qb7 24. f3 Red8 25. Qf2 Rxd1 26. Rxd1 f5 27. Nc3 f4 28.
gxf4 exf4 29. Bd4 Qe7 30. Bxg7 Qg5+ 31. Kh2 Nxg7 32. Ne4 Qe7 33. Rd7 Qe5 34.
Qd2 Qa1 35. Qxf4 Qxa2+ 36. Kg3 1-0

[Event "XXIII Festival A"]
[Site "Porto San Giorgio ITA"]
[Date "2011.08.25"]
[Round "6"]
[White "Zamengo, Bruno"]
[Black "Cornaggia, Ranieri"]
[Result "0-1"]
[WhiteElo "1936"]
[BlackElo "2079"]
[PlyCount "88"]
[EventDate "2011.08.21"]

1. e4 e5 2. Nf3 Nc6 3. Bb5 a6 4. Ba4 Nge7 5. c3 d6 6. d4 Bd7 7. Nbd2 Ng6 8. O-O
Be7 9. Re1 h6 10. Nf1 Bg5 11. Bxc6 Bxc6 12. dxe5 Bxc1 13. Rxc1 dxe5 14. Qc2 O-O
15. Ne3 Qc8 16. Nf5 Qe6 17. b3 Nf4 18. c4 Kh7 19. Red1 g6 20. Ne3 f5 21. exf5
gxf5 22. Nd5 Rg8 23. g3 Nh3+ 24. Kf1 Rg7 25. Re1 e4 26. Rcd1 Re8 27. Ng1 f4 28.
Kg2 f3+ 29. Kh1 Ng5 30. Nf4 Qf5 31. Rd2 Kg8 32. Red1 Rge7 33. Nd5 Rf7 34. Ne3
Qe6 35. Qc3 h5 36. h4 Nh3 37. Kh2 Nxg1 38. Rxg1 Bd7 39. Rh1 Qh3+ 40. Kg1 Qe6
41. Rd5 Qh6 42. Qa5 Bg4 43. Kh2 c6 44. Rhd1 cxd5 0-1

[Event "XXIII Festival A"]
[Site "Porto San Giorgio ITA"]
[Date "2011.08.25"]
[Round "6"]
[White "Zamengo, Fulvio"]
[Black "Piva, Giorgio"]
[Result "1-0"]
[WhiteElo "2007"]
[BlackElo "2204"]
[PlyCount "57"]
[EventDate "2011.08.21"]

1. e4 c5 2. Nf3 g6 3. d4 cxd4 4. Qxd4 Nf6 5. Nc3 Nc6 6. Qa4 d6 7. e5 Ng4 8.
exd6 Qb6 9. Nd5 Qxf2+ 10. Kd1 Qc5 11. Bc4 Nf2+ 12. Ke2 Nxh1 13. Be3 Qa5 14.
Qxa5 Nxa5 15. Nc7+ Kd8 16. Bxf7 Bg7 17. Nxa8 b6 18. Nxb6 Ba6+ 19. Kd2 Rf8 20.
Ng5 exd6 21. Ne6+ Ke7 22. Nxf8 Kxf7 23. Nfd7 axb6 24. Nxb6 Bxb2 25. Rxh1 Ba3
26. c3 Nc4+ 27. Nxc4 Bxc4 28. Rb1 Bd5 29. g3 1-0

[Event "XXIII Festival A"]
[Site "Porto San Giorgio ITA"]
[Date "2011.08.25"]
[Round "6"]
[White "Zinnai, Graziano Matteo"]
[Black "Piro, Valerio"]
[Result "1/2-1/2"]
[WhiteElo "1882"]
[BlackElo "2008"]
[PlyCount "115"]
[EventDate "2011.08.21"]

1. e4 c6 2. d3 d5 3. Nd2 e5 4. c3 Nf6 5. Ngf3 Bd6 6. Be2 O-O 7. O-O Re8 8. b3
Bg4 9. Qc2 h6 10. h3 Bh5 11. Bb2 Nbd7 12. Rfe1 Bg6 13. b4 a5 14. a3 b5 15. Bf1
Qc7 16. g3 Ra7 17. Bg2 Rea8 18. Nh4 Bh7 19. g4 Nf8 20. Nf5 Ne6 21. Nxd6 Qxd6
22. Nf1 axb4 23. cxb4 d4 24. Rac1 Rc7 25. Qb3 Nf4 26. Ng3 g6 27. Ne2 Nxe2+ 28.
Rxe2 g5 29. Qd1 Nd7 30. Rec2 f6 31. Qe1 Bg6 32. h4 Bf7 33. hxg5 fxg5 34. Bf3
Bb3 35. Rd2 c5 36. Bd1 Bxd1 37. bxc5 Rxc5 38. Qxd1 Rac8 39. Qb3+ Kg7 40. Rdc2
Rxc2 41. Rxc2 Rxc2 42. Qxc2 Qc5 43. Qb3 Qc6 44. Kg2 Nf8 45. Qb4 Ng6 46. Kf1 Qc2
47. Qxb5 Qd1+ 48. Kg2 Qxg4+ 49. Kh2 Nf4 50. Qxe5+ Kf7 51. Qf5+ Qxf5 52. exf5
Kf6 53. Bxd4+ Kxf5 54. a4 Nxd3 55. a5 Nb4 56. Kg2 h5 57. Bb6 Na6 58. Be3
1/2-1/2

[Event "XXIII Festival A"]
[Site "Porto San Giorgio ITA"]
[Date "2011.08.26"]
[Round "7"]
[White "Albertini, Luca"]
[Black "Vincenzi, Marco"]
[Result "1/2-1/2"]
[WhiteElo "1986"]
[BlackElo "2108"]
[PlyCount "72"]
[EventDate "2011.08.21"]

1. e4 e5 2. Nf3 Nc6 3. Bc4 Nf6 4. d3 Bc5 5. O-O O-O 6. Bg5 h6 7. Bh4 d6 8. h3
Na5 9. Nbd2 c6 10. a3 Nxc4 11. Nxc4 b5 12. Ne3 Kh7 13. c3 Bb6 14. a4 g5 15. Bg3
Nh5 16. Bh2 Nf4 17. d4 Qe8 18. axb5 exd4 19. Nc4 Bc5 20. cxd4 cxb5 21. dxc5
bxc4 22. Bxf4 gxf4 23. Qxd6 Rg8 24. Qxf4 Bxh3 25. Kh2 Be6 26. g3 Rg4 27. Qe3
Bd7 28. Nd2 Qe5 29. Kg2 Bc6 30. f4 Qxb2 31. Rab1 Qa2 32. Ra1 Qb2 33. Rfb1 Qc2
34. Rc1 Qb2 35. Rab1 Qa2 36. Ra1 Qb2 1/2-1/2

[Event "XXIII Festival A"]
[Site "Porto San Giorgio ITA"]
[Date "2011.08.26"]
[Round "7"]
[White "Almadori, Giovanni"]
[Black "Piantieri, Guido"]
[Result "0-1"]
[WhiteElo "1660"]
[BlackElo "1853"]
[PlyCount "68"]
[EventDate "2011.08.21"]

1. Nf3 Nf6 2. d4 d5 3. e3 e6 4. Bd3 Be7 5. O-O O-O 6. Nbd2 c5 7. c3 c4 8. Bc2
b5 9. e4 dxe4 10. Nxe4 Bb7 11. Qe2 Nbd7 12. Nxf6+ Nxf6 13. Ne5 Rc8 14. Bf4 Qd5
15. f3 Nh5 16. Be4 Nxf4 17. Qe3 Qd8 18. Bxb7 Nd5 19. Bxd5 Qxd5 20. Qe4 b4 21.
Rfe1 Bd6 22. Qg4 Bxe5 23. Rxe5 Qd6 24. h4 f5 25. Qh3 bxc3 26. bxc3 Rb8 27. Rae1
Rf6 28. f4 Rb2 29. d5 exd5 30. Re8+ Kf7 31. Qe3 Qb6 32. Re7+ Kg6 33. Rxa7 Re6
34. Ra6 Qxe3+ 0-1

[Event "XXIII Festival A"]
[Site "Porto San Giorgio ITA"]
[Date "2011.08.26"]
[Round "7"]
[White "Antonelli, Alessandro"]
[Black "Panada, Valter"]
[Result "1-0"]
[WhiteElo "1971"]
[BlackElo "1902"]
[PlyCount "87"]
[EventDate "2011.08.21"]

1. d4 Nf6 2. c4 c5 3. d5 b5 4. Nf3 d6 5. cxb5 a6 6. bxa6 Bxa6 7. Nc3 g6 8. e4
Bxf1 9. Kxf1 Nbd7 10. h3 Bg7 11. g3 O-O 12. Kg2 Qb6 13. Re1 Ne8 14. Qc2 Nc7 15.
a3 Rfb8 16. Re2 Ne5 17. Nxe5 Bxe5 18. Ra2 Na6 19. Bg5 Qb7 20. Kh1 Ra7 21. Bh6
Re8 22. Ra1 Nb4 23. Qd2 c4 24. f4 Bg7 25. Bxg7 Kxg7 26. Qd4+ f6 27. Qxc4 Na6
28. Rc1 Rc8 29. Qd4 Nc5 30. e5 Rf8 31. exf6+ exf6 32. Ne4 Nxe4 33. Rxe4 Rf7 34.
Re6 Ra6 35. Re2 Qb5 36. Rd2 Ra4 37. Qd3 Qb6 38. Qc2 Ra6 39. Re2 Raa7 40. Qc6
Qd4 41. Qxd6 Rad7 42. Qc6 Rxd5 43. b4 Rdd7 44. Qc2 1-0

[Event "XXIII Festival A"]
[Site "Porto San Giorgio ITA"]
[Date "2011.08.26"]
[Round "7"]
[White "Arnetta, Maria Teresa"]
[Black "Ghidinelli, Giorgio"]
[Result "0-1"]
[WhiteElo "2069"]
[BlackElo "1913"]
[PlyCount "108"]
[EventDate "2011.08.21"]

1. e4 e6 2. d4 d5 3. e5 c5 4. Nf3 cxd4 5. Bd3 Nc6 6. O-O Nge7 7. Bf4 Ng6 8. Bg3
Be7 9. Nbd2 Bd7 10. Nb3 a6 11. a3 Qc7 12. Re1 O-O 13. h4 Qd8 14. Qe2 Kh8 15. h5
Nh4 16. Nfxd4 g6 17. Rad1 Rg8 18. Nxc6 bxc6 19. hxg6 fxg6 20. Bxh4 Bxh4 21. g3
Be7 22. Kg2 Rg7 23. c4 Qb6 24. Bc2 Rf8 25. Qe3 Qxe3 26. Rxe3 Rgf7 27. Re2 Bd8
28. Bd3 dxc4 29. Bxc4 Bb6 30. f4 g5 31. Red2 Bc8 32. fxg5 Rf2+ 33. Kh3 R2f5 34.
Rd6 Rxg5 35. Rxc6 Bf2 36. Rd3 Rfg8 37. Rc7 Rxe5 38. Rf3 Bb6 39. Re7 Bd8 40.
Ref7 Reg5 41. Kh2 Bb6 42. Nd2 Bd4 43. Ne4 R5g7 44. Nd6 Rxf7 45. Rxf7 Bb6 46. b4
Rd8 47. Nxc8 Rxc8 48. Bxe6 Rc7 49. Rf8+ Kg7 50. Ra8 a5 51. Ra6 Rc6 52. bxa5
Bg1+ 53. Kxg1 Rxa6 54. a4 Rxe6 0-1